Occupier 2001: business parks (Record no. 66067)
[ view plain ]
| 000 -LEADER | |
|---|---|
| fixed length control field | 01469cam a2200313 4500 |
| 001 - CONTROL NUMBER | |
| control field | ABS63411 |
| 008 - FIXED-LENGTH DATA ELEMENTS--GENERAL INFORMATION | |
| fixed length control field | 000000n2001 000 0 eng u |
| 035 ## - SYSTEM CONTROL NUMBER | |
| System control number | (Sirsi) u110817 |
| 100 ## - MAIN ENTRY--PERSONAL NAME | |
| Personal name | Hedley, C. |
| 245 ## - TITLE STATEMENT | |
| Title | Occupier 2001: business parks |
| 260 ## - PUBLICATION, DISTRIBUTION, ETC. | |
| Date of publication, distribution, etc. | 2001 |
| 490 ## - SERIES STATEMENT | |
| Series statement | Estates Gazette |
| Volume/sequential designation | (0105) 3 February 2001, 119-131(9) |
| 520 ## - SUMMARY, ETC. | |
| Summary, etc. | A detailed look at occupiers of business parks. Includes: "Property's principal challenges", discussing the key questions facing the property industry; "Paying cash and mouse", which uses the Halifax's Intelligent Finance as an example of a bank moving away from the High Street towards call centres in order to cut costs; "Going green, slowly", lamenting the fact that developers are reluctant to commission environmentally friendly office buildings due to low demand from occupiers; "Swots on the landscape", asking agents and developers about how the business park is likely to develop in the future; and "Outside chance", examining the BBC's property strategy. |
| 590 ## - LOCAL NOTE (RLIN) | |
| Local note | ABS |
| 650 ## - SUBJECT ADDED ENTRY--TOPICAL TERM | |
| Topical term or geographic name entry element | BANKS |
| 650 ## - SUBJECT ADDED ENTRY--TOPICAL TERM | |
| Topical term or geographic name entry element | BUSINESS PARKS |
| 650 ## - SUBJECT ADDED ENTRY--TOPICAL TERM | |
| Topical term or geographic name entry element | CALL CENTRES |
| 650 ## - SUBJECT ADDED ENTRY--TOPICAL TERM | |
| Topical term or geographic name entry element | ENVIRONMENTALLY FRIENDLY BUILDINGS |
| 650 ## - SUBJECT ADDED ENTRY--TOPICAL TERM | |
| Topical term or geographic name entry element | OCCUPIERS |
| 650 ## - SUBJECT ADDED ENTRY--TOPICAL TERM | |
| Topical term or geographic name entry element | OFFICES |
| 650 ## - SUBJECT ADDED ENTRY--TOPICAL TERM | |
| Topical term or geographic name entry element | SUSTAINABLE BUILDINGS |
| 650 ## - SUBJECT ADDED ENTRY--TOPICAL TERM | |
| Topical term or geographic name entry element | TRENDS |
| 690 ## - LOCAL SUBJECT ADDED ENTRY--TOPICAL TERM (OCLC, RLIN) | |
| Topical term or geographic name as entry element | PROPERTY-COMMERCIAL PROPERTY-COMMERCIAL PROPERTY MARKET |
| 700 ## - ADDED ENTRY--PERSONAL NAME | |
| Personal name | Osborne, H. |
| 700 ## - ADDED ENTRY--PERSONAL NAME | |
| Personal name | Norwood, G. |
| 700 ## - ADDED ENTRY--PERSONAL NAME | |
| Personal name | Cavanagh, .E. |
| 700 ## - ADDED ENTRY--PERSONAL NAME | |
| Personal name | Jack, S. |
| 942 ## - ADDED ENTRY ELEMENTS (KOHA) | |
| Suppress in OPAC | 0 |
| Withdrawn status | Lost status | Source of classification or shelving scheme | Damaged status | Not for loan | Home library | Current library | Shelving location | Date acquired | Total Checkouts | Full call number | Barcode | Date last seen | Copy number | Price effective from | Koha item type |
|---|---|---|---|---|---|---|---|---|---|---|---|---|---|---|---|
| Dewey Decimal Classification | London | London | Books | 07/02/2001 | ABS63411 | 110817-1001 | 06/08/2019 | 1 | 06/08/2019 | Book |